|
|
|
|
| LEADER |
01216cam a2200349Ia 4500 |
| 001 |
9780203508909 |
| 003 |
FlBoTFG |
| 005 |
20110119191319.0 |
| 006 |
a|||||s||||||||||| |
| 007 |
cr|||| |
| 008 |
110119s2003 flua s 001 0 eng d |
| 010 |
|
|
|a 2003043978
|
| 020 |
|
|
|a 9780203508909 (e-book : PDF)
|
| 040 |
|
|
|a FlBoTFG
|c FlBoTFG
|d GrThAP
|
| 090 |
|
|
|a HV6595
|b .L36 2003
|
| 092 |
|
|
|a 302.3
|b L247
|
| 100 |
1 |
|
|a Lanceley, Frederick J.
|
| 245 |
1 |
0 |
|a On-scene guide for crisis negotiators
|h [electronic resource] /
|c Frederick J. Lanceley.
|
| 250 |
|
|
|a 2nd ed.
|
| 260 |
|
|
|a Boca Raton, Fla. :
|b CRC Press,
|c c2003.
|
| 300 |
|
|
|a xiv, 274 p. :
|b ill. ;
|c 25 cm.
|
| 500 |
|
|
|a Includes index.
|
| 530 |
|
|
|a Also available in print edition.
|
| 533 |
|
|
|a Electronic reproduction.
|b [London, Eng. :
|b Taylor and Francis,
|d 2010].
|n PDF file created from digital scan of print book.
|
| 650 |
|
0 |
|a Hostage negotiations.
|
| 650 |
|
0 |
|a Negotiation.
|
| 650 |
|
0 |
|a Suicide
|x Prevention.
|
| 650 |
|
0 |
|a Crisis intervention (Mental health services)
|
| 655 |
|
7 |
|a Electronic books.
|2 lcsh
|
| 776 |
1 |
|
|z 9780849314414
|
| 776 |
1 |
|
|z 0849314410
|
| 856 |
4 |
0 |
|u http://www.tandfebooks.com/isbn/9780203508909
|z Full Text via HEAL-Link
|